=LDR 00000nam 2200000 4500 =001 INLIS000000000019276 =005 20130612114347 =008 ***********************************Ind** =035 ##$$0010-061300000019276 =041 ##$$a Ind =090 ##$$a R.503, Gie e =100 ##$$a Gie, The Liang =245 ##$$a Ensiklopedi ilmu ilmu = encyclopedi of the sciences, the Liang Gie, Adrian The =260 ##$$a 2001 $b Yogyakarta =300 ##$$a 516 hlm, 21 cm =650 ##$$a Sains-Ensiklopedi =850 ##$$a NBPNMAT